000 00562cam a22002291 4500
001 sa 68015002
003 DLC
005 20260227112638.0
008 941128s1967 ii 000 0 beno
010 _asa 68015002
025 _aPL480:EP-B-1420
035 _a(OCoLC)31523586
040 _aDLC
_cCU
_dCU
_dDLC
042 _apremarc
050 0 0 _aPN6519.I4
_bA2
100 2 _aAbdus Salaam Khan,
_d1907-
245 1 0 _aCaṭṭagrāmī prabacana.
260 _c[1967]
300 _a24 p.
_c22 cm
500 _aIn Bengali.
650 0 _aProverbs
_zChittagong.
999 _c86156
_d86156